000 01323nam0a22002771 4500
001 rc\4322938
005 20250612050202.0
021 _aRU
_b[67-81236]
035 _a(NLR Aleph) 008513321
090 _a8182637
_c8182637
100 _a20130416d1967 |||y0rusy50 ca
101 0 _arus
102 _aRU
105 _aa z ||||b
200 1 _aГрафики Бурятии
_e[Краткие биографии и репродукции картин
_fВступ. статья канд. искусствоведения И.И. Соктоева]
210 _aУлан-Удэ
_cБурят. кн. изд-во
_d1967
215 _a40 с.
_cил.
_d22
327 0 _aРаботы худож. Ц.С. Сампилова, А.А. Окладникова, Е.И. Неволиной, Н.Г. Москалева, А.Н. Сахаровской, И.И. Старикова
464 0 _1701#1$aСампилов$bЦ.С.
_1701#1$aОкладников$bА.А.
_1701#1$aНеволина$bЕ.И.
_1701#1$aМоскалев$bН.Г.
_1701#1$aСахаровская$bА.Н.
_1701#1$aСтариков$bИ.И.
606 _aБурятская советская графика
_2psbo
702 1 _aСоктоев
_bИ.И.
_4080
801 0 _aRU
_bNLR
_gpsbo
801 1 _aRU
_bELAR
_2rusmarc
852 _aNLR
_jЭ АлИс300/2-Б919
942 _cBOOK
980 _aNB